000 00604nam a2200229Ia 4500
003 OSt
005 20220916111030.0
006 a|||||r|||| 00| 0
007 ta
008 220915b |||||||| |||| 00| 0 fre d
024 _a123997
037 _cTextbook
040 _bfre
_aARTS
_cARTS
041 _afre
082 _aV641:2:N5, 122K0
100 _aPerin Francois
245 0 _aInstitutions politiques du Congo Independence au 30 Juin 1960
260 _aNA
_bNA
650 _aHISTORY
942 _hV641:2:N5, 122K0
_cTB
_2CC
999 _c103974
_d103974